000 nam a22 7a 4500
999 _c8221
_d8221
005 20191018031457.0
008 191018b xxu||||| |||| 00| 0 eng d
020 _a8171201814
_bpaperback
040 _beng
_cAPEC Schools Library
_erda
082 _aC 294.543
_bP222s 2017
100 _aParamananda, Swami
245 _aSilence as yoga /
_cSwami Paramananda
264 _aMylapore, Chennai :
_bAdhyaksha,
_c©2017.
300 _a73 pages ;
336 _2rdacontent
_atext
337 _2rdamedia
_aunmediated
338 _2rdacarrier
_avolume
650 _aSilence.
650 _aYoga.
650 _aHinduism.
942 _2ddc
_cNFIC